000 00369nam a2200133Ia 4500
001 1843
008 241024s9999 xx 000 0 und d
082 _aRD/530.07/R426f/2
100 _aRepública Dominicana. Secretaría de Estado de Educación
245 0 _aFísica 2. Educación Media
260 _bGrupo Anaya
_c2004
901 _a29/9/2011 2:21:50 p.m.
999 _c8185
_d8185